000 00426nab a2200145Ia 4500
003 ES-SlBCS
005 20210601124950.0
008 140529s1985 xxu||||| |||| 00| 0 eng d
041 _aeng
100 1 _aKornblith, Hilary
_9152004
245 0 0 _aEver Since Descartes
_c Hilary Kornblith
600 1 4 _aDescartes, René
_d, 1596-1650
_917203
773 0 _tMonist, the
_gvol. 68, nº. 2, 1985, págs. 264-276
_wRev1667
942 _cAR
999 _c522508
_d522508